| 000 | 00536nam a2200217 a 4500 | ||
|---|---|---|---|
| 999 |
_c6035 _d6035 |
||
| 001 | 6035 | ||
| 003 | BD-JhCC | ||
| 005 | 20180101172713.0 | ||
| 008 | 180101s1964 enk |||| ||a| 000 0 eng d | ||
| 035 | _a(BD-JhCC)6035 | ||
| 040 |
_aBD-JhCC _dBD-JhCC |
||
| 041 | _aeng | ||
| 082 |
_a616.07 _bALP 1964 |
||
| 100 | _aAlpern, D. | ||
| 245 |
_aPathologic Physiology / _cD. Alpern |
||
| 260 |
_aMoscow : _bMir Publishers, _c1967. |
||
| 300 |
_a510 p. : _c22 cm. |
||
| 650 | _aPhysiology, Pathological | ||
| 942 |
_2ddc _cBK |
||